Objectives of Plant Tissue Culture Molecular Biology and Biochemistry / by M. Sivaji, S. Pandarinathan (Record no. 52285)

MARC details
000 -LEADER
fixed length control field 00627nam a22001937a 4500
003 - CONTROL NUMBER IDENTIFIER
control field OSt
008 - FIXED-LENGTH DATA ELEMENTS--GENERAL INFORMATION
fixed length control field 260624b |||||||| |||| 00| 0 eng d
020 ## - INTERNATIONAL STANDARD BOOK NUMBER
International Standard Book Number 9788119105526
082 ## - DEWEY DECIMAL CLASSIFICATION NUMBER
Classification number 571.538
Item number S62O
100 ## - MAIN ENTRY--PERSONAL NAME
Personal name Sivaji, M.
245 ## - TITLE STATEMENT
Title Objectives of Plant Tissue Culture Molecular Biology and Biochemistry / by M. Sivaji, S. Pandarinathan
260 ## - PUBLICATION, DISTRIBUTION, ETC. (IMPRINT)
Place of publication, distribution, etc New Delhi:
Name of publisher, distributor, etc International Books & Periodicals Supply Service,
Date of publication, distribution, etc 2025
300 ## - PHYSICAL DESCRIPTION
Extent ix, 264 p.
650 ## - SUBJECT ADDED ENTRY--TOPICAL TERM
Topical term or geographic name as entry element Natural sciences & mathematics (Pure Sciences)
650 ## - SUBJECT ADDED ENTRY--TOPICAL TERM
Topical term or geographic name as entry element Biology
650 ## - SUBJECT ADDED ENTRY--TOPICAL TERM
Topical term or geographic name as entry element Plant Tissue Culture
700 ## - ADDED ENTRY--PERSONAL NAME
Personal name Pandarinathan, S.
942 ## - ADDED ENTRY ELEMENTS (KOHA)
Source of classification or shelving scheme
Koha item type Books
Holdings
Withdrawn status Lost status Source of classification or shelving scheme Damaged status Not for loan Home library Current library Shelving location Date acquired Source of acquisition Cost, normal purchase price Total Checkouts Full call number Barcode Date last seen Bill Date Koha item type Bill Number
          Dr. Rajendra Prasad Central Agricultural University Pusa, Dr. Rajendra Prasad Central Agricultural University Pusa, General Stacks 24/06/2026 Today & Tomorrow Printers and Publishers 750.00   571.538 S62O 87129 24/06/2026 29/01/2026 Books Bill No. IN-00449
Hosted, Implemented, Customized & Maintained by: BestBookBuddies

Powered by Koha